000 00479nam a2200169Ia 4500
999 _c16641
_d16641
003 OSt
005 20200606115952.0
008 190216s9999||||xx |||||||||||||| ||und||
040 _cMESKC library
082 _a891.433
_bDEV/M
100 _aDevi, Ashapoorna
_9352
245 0 _aMaati Ka Rang Aur /
_cAshapoorna Devi
260 _bNikil Prakashan,
_c2009.
_aDelhi:
300 _a160p
650 _aHindi
942 _cBK
_2ddc
_h891.433
_iDEV/M
_k891.433
_mDEV/M